[Event "BCF-chT4 2223 (4NCL)"]
[Site "England"]
[Date "2023.05.01"]
[Round "11.141"]
[White "Ladnyuk, Dina"]
[Black "Ramsey, Dairi"]
[Result "0-1"]
[WhiteElo "1606"]
[BlackElo "1499"]
[PlyCount "57"]
[EventDate "2022.11.05"]
[EventType "team-swiss"]
[EventRounds "11"]
[EventCountry "ENG"]
[SourceTitle "EXT 2024"]
[Source "ChessBase"]
[SourceDate "2023.10.10"]
[SourceVersion "1"]
[SourceVersionDate "2023.10.10"]
[SourceQuality "1"]
[WhiteTeam "Celtic Tigers III"]
[BlackTeam "Watford II"]
[WhiteTeamCountry "ENG"]
[BlackTeamCountry "ENG"]

1. c4 f5 2. g3 e5 3. Nc3 Nf6 4. Bg2 Nc6 5. e3 Nb4 6. d4 e4 7. Bf1 d5 8. a3 Nc6 9. c5 a5 10. Bb5 Bd7 11. Nge2 Na7 12. Ba4 b5 13. cxb6 cxb6 14. Bb3 Bc6 15. h4 Bd6 16. 0-0 h6 17. Kg2 g5 18. hxg5 hxg5 19. Rh1 Kf7 20. Rxh8 Qxh8 21. Qh1 Qg7 22. f4 Rh8 23. Qg1 Qh6 24. Kf2 Qh5 25. fxg5 Qf3+ 26. Ke1 Rh1 27. g6+ Kxg6 28. Nf4+ Bxf4 29. gxf4+ 0-1

[Event "BCF-chT4 2223 (4NCL)"]
[Site "England"]
[Date "2023.01.07"]
[Round "3.142"]
[White "Hilton, Tim"]
[Black "Ramsey, Dairi"]
[Result "1-0"]
[WhiteElo "2012"]
[BlackElo "1499"]
[PlyCount "73"]
[EventDate "2022.11.05"]
[EventType "team-swiss"]
[EventRounds "11"]
[EventCountry "ENG"]
[SourceTitle "EXT 2024"]
[Source "ChessBase"]
[SourceDate "2023.10.10"]
[SourceVersion "1"]
[SourceVersionDate "2023.10.10"]
[SourceQuality "1"]
[WhiteTeam "Average Wood Pushers II"]
[BlackTeam "Watford II"]
[WhiteTeamCountry "ENG"]
[BlackTeamCountry "ENG"]

1. c4 f5 2. Nc3 Nf6 3. g3 e5 4. d4 e4 5. Bg2 Bb4 6. Bd2 Bxc3 7. Bxc3 d5 8. Nh3 0-0 9. Nf4 c6 10. Qb3 g5 11. Nh3 h6 12. e3 Nbd7 13. cxd5 cxd5 14. f4 Nb6 15. fxg5 hxg5 16. Bb4 Re8 17. Nxg5 Ng4 18. Nh3 Bd7 19. Ba5 Ba4 20. Bxb6 axb6 21. Qc3 Rc8 22. Qa3 Ra8 23. Nf4 Bc2 24. Qc3 Rc8 25. Qd2 Bd3 26. Rc1 Rxc1+ 27. Qxc1 Re7 28. Qd2 Ba6 29. h3 Nh6 30. Kf2 Nf7 31. Rc1 Qd6 32. Rc8+ Kg7 33. Qd1 Bb5 34. Qh5 Re8 35. Rxe8 Bxe8 36. Qxf5 Bc6 37. Ne6+ 1-0